| 000 | 00722nam a2200229 a 4500 | ||
|---|---|---|---|
| 008 | |||
| 020 | _a0135813301 (hbk.) | ||
| 049 | _aMAIN | ||
| 090 |
_aQA76.5 _bTOC |
||
| 100 | 1 | _aTocci, Ronald J. | |
| 245 | 1 | 0 |
_aMicroprocessors and microcomputers : _bhardware and software / _cRonald J. Tocci and Lester P. Laskowski. |
| 260 |
_aEnglewood Cliffs, N.J. : _bPrentice-Hall International, _cc1979. |
||
| 300 |
_ax, 323 p. : _bill. ; _c25 cm. |
||
| 650 | 0 | _aMicroprocessors. | |
| 650 | 0 | _aMicrocomputers. | |
| 700 | 1 | _aLaskowski, Lester P. | |
| 907 |
_a.b10263019 _b06-07-09 _c29-05-09 |
||
| 003 | |||
| 005 | 20230123124936.0 | ||
| 040 | _cNUST | ||
| 942 |
_cBOOKS _kQA76.5 _mTOC |
||
| 999 |
_c132973 _d132973 |
||